| 000 | 02173nam0a2200433 4500 | ||
|---|---|---|---|
| 001 | RU\NLR\BIBL_A\022156789 | ||
| 005 | 20260420002733.0 | ||
| 010 |
_a978-5-907678-45-3 _9200 |
||
| 021 |
_aRU _bКН-П-24-004911 _9КН-П-24-0521 |
||
| 035 | _a(NLR Aleph) 022156789 | ||
| 090 |
_a13658767 _c13658767 |
||
| 100 | _a20240305d2023 k y0rusy50 ca | ||
| 101 | 0 | _arus | |
| 102 | _aRU | ||
| 105 | _aa z 000yy | ||
| 181 | 0 |
_ai3 _baxxe |
|
| 181 | 0 |
_ab2 _bbb2e |
|
| 182 | 0 | _an | |
| 200 | 1 |
_aУчитель и ученики: мост над временем _eальманах _fПрезидентская академия РАНХИГС, Калуга _gредакционный совет: П. В. Самылов, кандидат исторических наук, доцент (председатель) [и др.] |
|
| 203 |
_aТекст _aИзображение _bвизуальные _cнепосредственные |
||
| 210 |
_aКалуга _cЭйдос _d2023 |
||
| 215 |
_a359, [1] с. _cил., портр., цв. ил., факс. _d30 |
||
| 225 | 1 |
_aАкадемические чтения _vт. 3 |
|
| 225 | 1 | _aГод педагога и наставника, 2023 | |
| 320 | _aБиблиогр. в конце ст. | ||
| 606 | 1 |
_aВысшие гуманитарные учебные заведения _jСборники _xПрофессора и преподаватели _yКалуга, город _92597268 _3RU\NLR\AUTH\6601743905 |
|
| 606 | 1 |
_aВсеобщая история _jСборники _91324332 _3RU\NLR\AUTH\66234889 |
|
| 606 | 1 |
_aФилология _jСборники _9921663 _3RU\NLR\AUTH\6619068 |
|
| 686 | 1 | _aТ3(0)я43 | |
| 686 | 1 | _aЧ489.114.2я43 | |
| 686 | 1 | _aШ.я43 | |
| 702 | 1 |
_aСамылов _bП. В. _gПавел Васильевич _4340 |
|
| 712 | 0 | 2 |
_4570 _aРоссийская академия народного хозяйства и государственной службы _bКалужский филиал _9659466 _3RU\NLR\AUTH\880499829 |
| 942 | _cBOOK | ||
| 980 | _aNB | ||